[Event "Rapid 2018"]
[Site "Saint-Petersburg"]
[Date "2018.12.28"]
[Round "15"]
[Board "19"]
[White "Ragger Markus (AUT)"]
[Black "Jobava Baadur (GEO)"]
[Result "0-1"]
[LiveChessVersion "1.4.8"]
[BlackElo "2718"]
[WhiteElo "2632"]

1. e4 {[%clk 0:15:19]} c5 {[%clk 0:15:17]} 2. Nf3 {[%clk 0:15:26]} e6
{[%clk 0:15:26]} 3. d4 {[%clk 0:15:34]} cxd4 {[%clk 0:15:34]} 4. Nxd4
{[%clk 0:15:42]} Nf6 {[%clk 0:15:42]} 5. Nc3 {[%clk 0:15:46]} Bb4
{[%clk 0:15:51]} 6. e5 {[%clk 0:15:27]} Nd5 {[%clk 0:15:58]} 7. Bd2
{[%clk 0:14:43]} Bxc3 {[%clk 0:16:06]} 8. bxc3 {[%clk 0:14:50]} O-O
{[%clk 0:16:13]} 9. Bd3 {[%clk 0:13:50]} d6 {[%clk 0:16:20]} 10. exd6
{[%clk 0:13:14]} Qxd6 {[%clk 0:16:27]} 11. O-O {[%clk 0:13:16]} Bd7
{[%clk 0:16:34]} 12. Rb1 {[%clk 0:12:38]} Na6 {[%clk 0:16:41]} 13. Bxa6
{[%clk 0:07:12]} Qxa6 {[%clk 0:16:20]} 14. Qf3 {[%clk 0:06:56]} Rac8
{[%clk 0:16:08]} 15. Rfc1 {[%clk 0:06:53]} b6 {[%clk 0:15:49]} 16. Qd3
{[%clk 0:06:48]} Qc4 {[%clk 0:15:50]} 17. Rb3 {[%clk 0:06:40]} e5
{[%clk 0:15:50]} 18. Ne2 {[%clk 0:05:49]} Ba4 {[%clk 0:15:57]} 19. Rbb1
{[%clk 0:05:27]} Rfd8 {[%clk 0:16:01]} 20. Qxc4 {[%clk 0:05:36]} Rxc4
{[%clk 0:16:08]} 21. Be1 {[%clk 0:05:44]} f6 {[%clk 0:16:10]} 22. Rb2
{[%clk 0:05:39]} Kf7 {[%clk 0:15:49]} 23. Rd1 {[%clk 0:05:40]} Ke6
{[%clk 0:14:50]} 24. f3 {[%clk 0:05:42]} Rd7 {[%clk 0:14:44]} 25. Kf2
{[%clk 0:05:48]} g5 {[%clk 0:14:48]} 26. Rd2 {[%clk 0:05:48]} h5 {[%clk 0:14:54]}
27. Rb1 {[%clk 0:05:49]} h4 {[%clk 0:14:49]} 28. Rbd1 {[%clk 0:05:39]} Bc6
{[%clk 0:14:57]} 29. Rd3 {[%clk 0:05:27]} Ra4 {[%clk 0:14:59]} 30. Nc1
{[%clk 0:05:23]} g4 {[%clk 0:14:42]} 31. fxg4 {[%clk 0:04:45]} Rxg4
{[%clk 0:14:39]} 32. g3 {[%clk 0:04:53]} hxg3+ {[%clk 0:14:38]} 33. Rxg3
{[%clk 0:04:31]} Rf4+ {[%clk 0:14:45]} 34. Kg1 {[%clk 0:04:33]} Ne3
{[%clk 0:14:53]} 0-1

[Event "Rapid 2018"]
[Site "Saint-Petersburg"]
[Date "2018.12.28"]
[Round "15"]
[Board "20"]
[White "Alekseenko Kirill (RUS)"]
[Black "Riazantsev Alexander (RUS)"]
[Result "1-0"]
[LiveChessVersion "1.4.8"]
[BlackElo "2677"]
[WhiteElo "2635"]

1. d4 {[%clk 0:13:41]} d5 {[%clk 0:15:19]} 2. Nc3 {[%clk 0:13:46]} Nf6
{[%clk 0:14:50]} 3. Bf4 {[%clk 0:13:54]} a6 {[%clk 0:13:49]} 4. e3
{[%clk 0:14:01]} e6 {[%clk 0:13:10]} 5. g4 {[%clk 0:14:09]} b5 {[%clk 0:12:20]}
6. g5 {[%clk 0:13:43]} Nfd7 {[%clk 0:12:29]} 7. h4 {[%clk 0:13:32]} c5
{[%clk 0:12:20]} 8. Nce2 {[%clk 0:12:38]} Nc6 {[%clk 0:12:19]} 9. Nf3
{[%clk 0:12:45]} Nb6 {[%clk 0:10:36]} 10. c3 {[%clk 0:11:59]} cxd4
{[%clk 0:09:43]} 11. Nexd4 {[%clk 0:11:30]} Bb7 {[%clk 0:09:27]} 12. Nxc6
{[%clk 0:09:47]} Bxc6 {[%clk 0:09:36]} 13. Qd4 {[%clk 0:09:32]} Nc4
{[%clk 0:08:21]} 14. Ne5 {[%clk 0:06:39]} Bb7 {[%clk 0:07:37]} 15. O-O-O
{[%clk 0:06:08]} Qb6 {[%clk 0:06:52]} 16. Bg2 {[%clk 0:05:01]} Bc5
{[%clk 0:05:35]} 17. Nxc4 {[%clk 0:05:10]} Bxd4 {[%clk 0:05:43]} 18. Nxb6 Bxb6
{[%clk 0:05:52]} 19. h5 {[%clk 0:05:16]} Rc8 {[%clk 0:04:45]} 20. h6
{[%clk 0:05:19]} g6 {[%clk 0:04:51]} 21. Be5 {[%clk 0:05:27]} O-O
{[%clk 0:04:36]} 22. Kd2 {[%clk 0:05:15]} f5 {[%clk 0:04:09]} 23. gxf6
{[%clk 0:05:10]} Bd8 {[%clk 0:04:18]} 24. Bh3 {[%clk 0:04:21]} Kf7
{[%clk 0:04:27]} 25. Rhg1 {[%clk 0:04:30]} Bxf6 {[%clk 0:04:28]} 26. Bxf6
{[%clk 0:04:39]} Kxf6 {[%clk 0:04:37]} 27. f4 {[%clk 0:04:48]} Rce8
{[%clk 0:04:09]} 28. Rdf1 {[%clk 0:04:24]} e5 {[%clk 0:04:09]} 29. Kd3
{[%clk 0:03:25]} Bc8 {[%clk 0:03:00]} 30. Bxc8 {[%clk 0:03:34]} Rxc8
{[%clk 0:03:10]} 31. Rg5 {[%clk 0:03:43]} exf4 {[%clk 0:02:59]} 32. exf4
{[%clk 0:03:39]} Ke6 {[%clk 0:02:32]} 33. Re1+ {[%clk 0:03:15]} Kd6
{[%clk 0:02:41]} 34. Rge5 {[%clk 0:03:25]} Rf6 {[%clk 0:01:58]} 35. Re7
{[%clk 0:03:32]} Rc7 {[%clk 0:01:57]} 36. Rxc7 {[%clk 0:03:30]} Kxc7
{[%clk 0:02:06]} 37. Re7+ {[%clk 0:03:39]} Kd6 {[%clk 0:02:11]} 38. Rxh7
{[%clk 0:03:44]} Rxf4 {[%clk 0:02:20]} 39. Rg7 {[%clk 0:03:47]} Rf3+
{[%clk 0:01:53]} 40. Kd4 {[%clk 0:03:28]} Rf4+ {[%clk 0:01:58]} 41. Ke3
{[%clk 0:03:37]} Rh4 {[%clk 0:00:30]} 42. Rxg6+ {[%clk 0:03:45]} Ke5
{[%clk 0:00:40]} 43. Rxa6 {[%clk 0:03:38]} Rh2 {[%clk 0:00:45]} 44. b3
{[%clk 0:01:13]} Rh3+ {[%clk 0:00:48]} 45. Kd2 {[%clk 0:01:22]} Rh2+
{[%clk 0:00:49]} 46. Kc1 {[%clk 0:01:20]} Ke4 {[%clk 0:00:50]} 47. Rg6
{[%clk 0:00:49]} Kd3 {[%clk 0:00:27]} 48. Rg3+ {[%clk 0:00:57]} Ke4
{[%clk 0:00:37]} 49. h7 {[%clk 0:00:28]} Rxh7 {[%clk 0:00:39]} 50. Kb2
{[%clk 0:00:37]} Ra7 {[%clk 0:00:17]} 51. Rg6 {[%clk 0:00:38]} b4
{[%clk 0:00:12]} 52. Rg4+ {[%clk 0:00:46]} Kd3 {[%clk 0:00:13]} 53. Rd4+
{[%clk 0:00:54]} 1-0

[Event "Rapid 2018"]
[Site "Saint-Petersburg"]
[Date "2018.12.28"]
[Round "15"]
[Board "21"]
[White "Goganov Aleksey (RUS)"]
[Black "Sargissian Gabriel (ARM)"]
[Result "1/2-1/2"]
[LiveChessVersion "1.4.8"]
[BlackElo "2674"]
[WhiteElo "2545"]

1. d4 {[%clk 0:15:18]} d5 {[%clk 0:15:17]} 2. c4 {[%clk 0:15:27]} e6
{[%clk 0:15:26]} 3. Nf3 {[%clk 0:15:35]} Nf6 {[%clk 0:15:35]} 4. g3
{[%clk 0:15:44]} Bb4+ {[%clk 0:15:43]} 5. Bd2 {[%clk 0:15:52]} Be7
{[%clk 0:15:52]} 6. Bg2 {[%clk 0:16:01]} O-O {[%clk 0:16:00]} 7. O-O
{[%clk 0:16:09]} Nbd7 {[%clk 0:16:06]} 8. Qc2 {[%clk 0:16:05]} c6
{[%clk 0:16:13]} 9. Rc1 {[%clk 0:15:41]} b6 {[%clk 0:16:11]} 10. cxd5
{[%clk 0:15:46]} cxd5 {[%clk 0:16:20]} 11. a3 {[%clk 0:15:54]} Bb7
{[%clk 0:16:01]} 12. Bb4 {[%clk 0:16:00]} Rc8 {[%clk 0:15:48]} 13. Nc3
{[%clk 0:16:09]} Bxb4 {[%clk 0:14:49]} 14. axb4 {[%clk 0:16:17]} a6
{[%clk 0:14:58]} 15. e3 {[%clk 0:15:15]} Qe7 {[%clk 0:14:54]} 16. Qb3
{[%clk 0:15:18]} h6 {[%clk 0:13:06]} 17. Ne1 {[%clk 0:15:00]} Ne4
{[%clk 0:12:33]} 18. Nd3 {[%clk 0:14:16]} Nd6 {[%clk 0:12:39]} 19. b5
{[%clk 0:12:54]} a5 {[%clk 0:12:29]} 20. Qa3 {[%clk 0:11:55]} Rfe8
{[%clk 0:12:18]} 21. b4 {[%clk 0:11:11]} Nc4 {[%clk 0:12:18]} 22. Qb3
{[%clk 0:11:02]} Rc7 {[%clk 0:11:27]} 23. bxa5 {[%clk 0:11:09]} Nxa5
{[%clk 0:11:31]} 24. Qd1 {[%clk 0:09:03]} Rec8 {[%clk 0:11:18]} 1/2-1/2

[Event "Rapid 2018"]
[Site "Saint-Petersburg"]
[Date "2018.12.28"]
[Round "15"]
[Board "22"]
[White "Shirov Alexei (ESP)"]
[Black "Mchedlishvili Mikheil (GEO)"]
[Result "1/2-1/2"]
[LiveChessVersion "1.4.8"]
[BlackElo "2637"]
[WhiteElo "2674"]

1. e4 {[%clk 0:15:18]} d6 {[%clk 0:15:19]} 2. d4 {[%clk 0:15:27]} Nf6
{[%clk 0:15:27]} 3. Nc3 {[%clk 0:15:35]} g6 {[%clk 0:15:33]} 4. f4
{[%clk 0:15:43]} Bg7 {[%clk 0:15:40]} 5. Nf3 {[%clk 0:15:52]} O-O
{[%clk 0:15:43]} 6. Bd3 {[%clk 0:15:59]} Nc6 {[%clk 0:14:55]} 7. O-O
{[%clk 0:12:55]} e5 {[%clk 0:14:53]} 8. fxe5 {[%clk 0:12:07]} dxe5
{[%clk 0:14:59]} 9. d5 {[%clk 0:12:12]} Ne7 {[%clk 0:12:57]} 10. Nxe5
{[%clk 0:11:25]} c6 {[%clk 0:13:03]} 11. Bg5 {[%clk 0:09:22]} cxd5
{[%clk 0:12:59]} 12. Bxf6 {[%clk 0:09:30]} Qb6+ {[%clk 0:12:24]} 13. Kh1
{[%clk 0:09:38]} Bxf6 {[%clk 0:12:18]} 14. Nxd5 {[%clk 0:09:45]} Nxd5
{[%clk 0:12:07]} 15. Nc4 {[%clk 0:09:54]} Qc5 {[%clk 0:11:11]} 16. exd5
{[%clk 0:09:57]} Bg7 {[%clk 0:11:09]} 17. Qf3 {[%clk 0:08:38]} b6
{[%clk 0:08:38]} 18. c3 {[%clk 0:07:06]} Bb7 {[%clk 0:08:20]} 19. Ne3
{[%clk 0:07:13]} Rae8 {[%clk 0:07:54]} 20. Rae1 {[%clk 0:07:19]} f5
{[%clk 0:05:29]} 21. Bc2 {[%clk 0:03:37]} Bh6 {[%clk 0:03:25]} 22. Nd1
{[%clk 0:02:30]} Bxd5 {[%clk 0:03:14]} 23. Bb3 {[%clk 0:02:38]} Bxb3
{[%clk 0:03:11]} 24. axb3 {[%clk 0:02:47]} Qd6 {[%clk 0:02:57]} 25. Re2
{[%clk 0:02:17]} Rxe2 {[%clk 0:02:29]} 26. Qxe2 {[%clk 0:02:26]} Rd8
{[%clk 0:02:31]} 27. Nf2 {[%clk 0:02:29]} Qd2 {[%clk 0:02:04]} 28. Re1
{[%clk 0:01:23]} Qxe2 {[%clk 0:01:32]} 29. Rxe2 {[%clk 0:01:32]} Kf7
{[%clk 0:01:42]} 30. g3 {[%clk 0:01:35]} a5 {[%clk 0:01:19]} 31. Kg2
{[%clk 0:01:39]} Rd5 {[%clk 0:01:23]} 32. c4 {[%clk 0:00:52]} Rd7
{[%clk 0:01:11]} 33. g4 {[%clk 0:00:48]} fxg4 {[%clk 0:01:02]} 34. Nxg4
{[%clk 0:00:57]} Bg7 {[%clk 0:01:11]} 35. Nf2 {[%clk 0:00:38]} Bf8
{[%clk 0:00:52]} 36. Ng4 {[%clk 0:00:31]} Bg7 {[%clk 0:00:36]} 37. Nf2
{[%clk 0:00:33]} Bf8 {[%clk 0:00:29]} 38. Ng4 {[%clk 0:00:41]} Kg7
{[%clk 0:00:26]} 39. Ne5 {[%clk 0:00:42]} Rd1 {[%clk 0:00:31]} 40. Kf3
{[%clk 0:00:29]} Bc5 {[%clk 0:00:39]} 41. Ke4 {[%clk 0:00:36]} Rd4+
{[%clk 0:00:45]} 42. Kf3 {[%clk 0:00:44]} Kf6 {[%clk 0:00:23]} 43. Ng4+
{[%clk 0:00:39]} Kg7 {[%clk 0:00:31]} 44. Ne5 {[%clk 0:00:22]} g5
{[%clk 0:00:26]} 45. Re4 {[%clk 0:00:20]} h5 {[%clk 0:00:28]} 46. Rxd4
{[%clk 0:00:20]} Bxd4 {[%clk 0:00:38]} 47. Nd3 {[%clk 0:00:27]} Kf6
{[%clk 0:00:42]} 48. Ke4 {[%clk 0:00:35]} Bc5 {[%clk 0:00:41]} 49. h3
{[%clk 0:00:36]} Ke6 {[%clk 0:00:38]} 50. Ne1 {[%clk 0:00:32]} Be7
{[%clk 0:00:43]} 51. Nd3 {[%clk 0:00:35]} Bd6 {[%clk 0:00:45]} 52. Nf2
{[%clk 0:00:41]} Bg3 {[%clk 0:00:44]} 53. Nd3 {[%clk 0:00:48]} g4
{[%clk 0:00:43]} 54. hxg4 hxg4 55. b4 {[%clk 0:00:44]} a4 {[%clk 0:00:40]} 56.
Nf4+ {[%clk 0:00:35]} Bxf4 {[%clk 0:00:24]} 57. Kxf4 {[%clk 0:00:44]} g3
{[%clk 0:00:33]} 58. Kxg3 {[%clk 0:00:52]} Ke5 {[%clk 0:00:42]} 59. Kf3
{[%clk 0:00:56]} Kd4 {[%clk 0:00:51]} 60. c5 {[%clk 0:01:04]} bxc5
{[%clk 0:00:59]} 61. bxc5 {[%clk 0:01:13]} 1/2-1/2

[Event "Rapid 2018"]
[Site "Saint-Petersburg"]
[Date "2018.12.28"]
[Round "15"]
[Board "23"]
[White "Kovalenko Igor (LAT)"]
[Black "Sakaev Konstantin (RUS)"]
[Result "1-0"]
[LiveChessVersion "1.4.8"]
[BlackElo "2621"]
[WhiteElo "2665"]

1. c4 {[%clk 0:15:17]} e6 {[%clk 0:15:13]} 2. Nc3 {[%clk 0:15:25]} d5
{[%clk 0:15:18]} 3. d4 {[%clk 0:15:33]} Nf6 {[%clk 0:15:23]} 4. cxd5
{[%clk 0:15:39]} Nxd5 {[%clk 0:15:29]} 5. e4 {[%clk 0:15:08]} Nxc3
{[%clk 0:15:37]} 6. bxc3 {[%clk 0:15:18]} c5 {[%clk 0:15:46]} 7. Rb1
{[%clk 0:15:27]} cxd4 {[%clk 0:14:48]} 8. cxd4 {[%clk 0:15:33]} Nc6
{[%clk 0:14:57]} 9. Bb5 {[%clk 0:15:22]} a6 {[%clk 0:14:41]} 10. Bxc6+
{[%clk 0:15:19]} bxc6 {[%clk 0:14:50]} 11. Ne2 {[%clk 0:15:12]} c5
{[%clk 0:14:30]} 12. O-O {[%clk 0:14:58]} Be7 {[%clk 0:14:15]} 13. Be3
{[%clk 0:14:44]} cxd4 {[%clk 0:14:11]} 14. Nxd4 {[%clk 0:14:53]} Bd7
{[%clk 0:13:05]} 15. Rb7 {[%clk 0:14:26]} Rb8 {[%clk 0:13:11]} 16. Rxb8
{[%clk 0:10:56]} Qxb8 {[%clk 0:13:19]} 17. Qd3 {[%clk 0:11:05]} Qa8
{[%clk 0:09:49]} 18. e5 {[%clk 0:10:59]} Qd5 {[%clk 0:08:46]} 19. Qxa6
{[%clk 0:11:07]} O-O {[%clk 0:08:34]} 20. Rb1 {[%clk 0:08:08]} Bc5
{[%clk 0:07:41]} 21. Nc2 {[%clk 0:04:43]} Bc6 {[%clk 0:05:27]} 22. Qf1
{[%clk 0:04:52]} Bxe3 {[%clk 0:05:15]} 23. Nxe3 {[%clk 0:05:00]} Qxa2
{[%clk 0:05:03]} 24. Qc1 {[%clk 0:04:09]} Be4 {[%clk 0:04:31]} 25. Rb4
{[%clk 0:04:02]} Bg6 {[%clk 0:04:20]} 26. h3 {[%clk 0:03:26]} Qa5
{[%clk 0:04:19]} 27. Qb2 {[%clk 0:03:33]} h6 {[%clk 0:04:24]} 28. Kh2
{[%clk 0:03:23]} Kh7 {[%clk 0:04:18]} 29. Qd4 {[%clk 0:02:37]} Rd8
{[%clk 0:04:11]} 30. Qf4 {[%clk 0:02:41]} Rd2 {[%clk 0:02:39]} 31. Ng4
{[%clk 0:02:42]} Rd5 {[%clk 0:01:33]} 32. Rb8 {[%clk 0:02:37]} Qc7
{[%clk 0:01:24]} 33. Qxh6+ {[%clk 0:02:45]} 1-0

[Event "Rapid 2018"]
[Site "Saint-Petersburg"]
[Date "2018.12.28"]
[Round "15"]
[Board "24"]
[White "Tomashevsky Evgeny (RUS)"]
[Black "Postny Evgeny (ISR)"]
[Result "1-0"]
[LiveChessVersion "1.4.8"]
[BlackElo "2599"]
[WhiteElo "2737"]

1. c4 {[%clk 0:15:19]} c6 {[%clk 0:15:17]} 2. Nf3 {[%clk 0:15:23]} d5
{[%clk 0:15:26]} 3. e3 {[%clk 0:15:20]} Nf6 {[%clk 0:15:34]} 4. Nc3
{[%clk 0:15:28]} a6 {[%clk 0:15:38]} 5. Be2 {[%clk 0:15:27]} g6 {[%clk 0:15:08]}
6. O-O {[%clk 0:15:28]} Bg7 {[%clk 0:15:17]} 7. d4 {[%clk 0:15:36]} O-O
{[%clk 0:15:16]} 8. Bd2 {[%clk 0:15:43]} dxc4 {[%clk 0:14:19]} 9. Bxc4
{[%clk 0:15:19]} b5 {[%clk 0:14:27]} 10. Be2 {[%clk 0:14:59]} Nbd7
{[%clk 0:14:23]} 11. b4 {[%clk 0:12:34]} Re8 {[%clk 0:13:38]} 12. Qb3
{[%clk 0:07:18]} e5 {[%clk 0:13:18]} 13. Ng5 {[%clk 0:07:22]} Qe7
{[%clk 0:13:18]} 14. Bf3 {[%clk 0:07:30]} Bb7 {[%clk 0:13:20]} 15. Rad1
{[%clk 0:06:48]} h6 {[%clk 0:12:17]} 16. Nge4 {[%clk 0:06:57]} Nd5
{[%clk 0:12:26]} 17. Nc5 {[%clk 0:06:21]} Nxc3 {[%clk 0:09:33]} 18. Bxc3
{[%clk 0:06:18]} Nxc5 {[%clk 0:09:40]} 19. dxc5 {[%clk 0:06:08]} Rad8
{[%clk 0:09:25]} 20. Be4 {[%clk 0:04:20]} Kh7 {[%clk 0:09:28]} 21. a3
{[%clk 0:04:24]} f5 {[%clk 0:08:51]} 22. Bb1 {[%clk 0:04:32]} Bc8
{[%clk 0:08:49]} 23. Ba2 {[%clk 0:04:36]} h5 {[%clk 0:07:23]} 24. h3
{[%clk 0:04:11]} h4 {[%clk 0:06:00]} 25. Kh1 {[%clk 0:03:44]} Rf8
{[%clk 0:05:46]} 26. f4 {[%clk 0:03:43]} exf4 {[%clk 0:04:50]} 27. Bxg7
{[%clk 0:03:40]} Kxg7 {[%clk 0:04:12]} 28. exf4 {[%clk 0:03:33]} Rxd1
{[%clk 0:04:13]} 29. Rxd1 {[%clk 0:03:37]} Kh6 {[%clk 0:03:22]} 30. Qf3
{[%clk 0:02:34]} Qf6 {[%clk 0:03:10]} 31. Kh2 {[%clk 0:02:37]} Qb2
{[%clk 0:03:08]} 32. Bb3 {[%clk 0:00:32]} Qxa3 {[%clk 0:02:21]} 33. Qe3
{[%clk 0:00:41]} Qxb4 {[%clk 0:01:22]} 34. Qe7 {[%clk 0:00:51]} Qxf4+
{[%clk 0:01:31]} 35. Kh1 {[%clk 0:01:00]} Rh8 {[%clk 0:01:39]} 36. Qf6
{[%clk 0:01:04]} Re8 {[%clk 0:01:30]} 37. Bf7 {[%clk 0:01:09]} Re6
{[%clk 0:00:42]} 38. Bxe6 {[%clk 0:01:10]} Bxe6 {[%clk 0:00:51]} 39. Qxe6
{[%clk 0:01:11]} b4 {[%clk 0:00:59]} 40. Qxc6 {[%clk 0:01:07]} b3
{[%clk 0:01:06]} 41. Qb6 {[%clk 0:01:01]} Qc4 {[%clk 0:01:11]} 42. c6
{[%clk 0:00:27]} Qc2 {[%clk 0:01:20]} 43. Rg1 {[%clk 0:00:25]} a5
{[%clk 0:01:25]} 44. c7 {[%clk 0:00:28]} a4 {[%clk 0:01:34]} 45. Qb8
{[%clk 0:00:27]} 1-0

[Event "Rapid 2018"]
[Site "Saint-Petersburg"]
[Date "2018.12.28"]
[Round "15"]
[Board "25"]
[White "Guseinov Gadir (AZE)"]
[Black "Grigoriants Sergey (RUS)"]
[Result "1-0"]
[LiveChessVersion "1.4.8"]
[BlackElo "2640"]
[WhiteElo "2732"]

1. e4 {[%clk 0:15:19]} c5 {[%clk 0:15:18]} 2. Nc3 {[%clk 0:15:27]} e6
{[%clk 0:15:06]} 3. Nf3 {[%clk 0:15:34]} a6 {[%clk 0:14:18]} 4. d4
{[%clk 0:15:42]} cxd4 {[%clk 0:14:27]} 5. Nxd4 {[%clk 0:15:51]} d6
{[%clk 0:14:02]} 6. g3 {[%clk 0:15:45]} Nf6 {[%clk 0:14:05]} 7. Bg2
{[%clk 0:15:53]} Qc7 {[%clk 0:13:44]} 8. O-O {[%clk 0:15:58]} Be7
{[%clk 0:13:54]} 9. f4 {[%clk 0:16:04]} Nc6 {[%clk 0:13:38]} 10. Nxc6
{[%clk 0:14:31]} bxc6 {[%clk 0:13:45]} 11. e5 {[%clk 0:14:40]} dxe5
{[%clk 0:12:29]} 12. fxe5 {[%clk 0:14:48]} Nd7 {[%clk 0:12:39]} 13. Bf4
{[%clk 0:14:21]} O-O {[%clk 0:12:22]} 14. Qh5 {[%clk 0:14:08]} Rb8
{[%clk 0:10:41]} 15. b3 {[%clk 0:13:30]} g6 {[%clk 0:10:22]} 16. Qe2
{[%clk 0:13:24]} g5 {[%clk 0:09:00]} 17. Bd2 {[%clk 0:11:15]} Qxe5
{[%clk 0:08:56]} 18. Ne4 {[%clk 0:11:24]} f5 {[%clk 0:08:00]} 19. Bc3
{[%clk 0:09:23]} Qb5 {[%clk 0:08:07]} 20. Qh5 {[%clk 0:09:29]} fxe4
{[%clk 0:06:58]} 21. Rxf8+ Nxf8 {[%clk 0:06:06]} 22. Rf1 {[%clk 0:07:09]} Bc5+
{[%clk 0:03:24]} 23. Kh1 {[%clk 0:07:16]} Ng6 {[%clk 0:03:33]} 24. a4
{[%clk 0:05:58]} Qb7 {[%clk 0:02:18]} 25. Bxe4 {[%clk 0:06:04]} e5
{[%clk 0:02:25]} 26. Bxg6 {[%clk 0:05:54]} hxg6 {[%clk 0:02:33]} 27. Qxg6+
{[%clk 0:05:57]} Qg7 {[%clk 0:02:42]} 1-0

[Event "Rapid 2018"]
[Site "Saint-Petersburg"]
[Date "2018.12.28"]
[Round "15"]
[Board "26"]
[White "Piorun Kacper (POL)"]
[Black "Motylev Alexander (RUS)"]
[Result "1-0"]
[LiveChessVersion "1.4.8"]
[BlackElo "2697"]
[WhiteElo "2615"]

1. c4 {[%clk 0:15:18]} Nf6 {[%clk 0:15:16]} 2. g3 {[%clk 0:15:26]} c6
{[%clk 0:15:24]} 3. Bg2 {[%clk 0:15:34]} d5 {[%clk 0:15:33]} 4. Nf3
{[%clk 0:15:43]} g6 {[%clk 0:15:25]} 5. b3 {[%clk 0:15:14]} Bg7 {[%clk 0:15:32]}
6. O-O {[%clk 0:15:12]} e5 {[%clk 0:14:55]} 7. Bb2 {[%clk 0:13:01]} e4
{[%clk 0:14:52]} 8. Ne1 {[%clk 0:13:04]} O-O {[%clk 0:14:29]} 9. d3
{[%clk 0:12:20]} dxc4 {[%clk 0:13:34]} 10. bxc4 {[%clk 0:12:01]} exd3
{[%clk 0:13:37]} 11. Nxd3 {[%clk 0:12:03]} Re8 {[%clk 0:13:32]} 12. Nd2
{[%clk 0:11:48]} Bf5 {[%clk 0:13:24]} 13. Nf3 {[%clk 0:11:12]} Na6
{[%clk 0:13:12]} 14. Re1 {[%clk 0:09:50]} Qc7 {[%clk 0:12:43]} 15. Qb3
{[%clk 0:09:27]} Rad8 {[%clk 0:12:43]} 16. Rad1 {[%clk 0:08:21]} Qb6
{[%clk 0:09:40]} 17. Qxb6 {[%clk 0:05:29]} axb6 {[%clk 0:09:47]} 18. Bd4
{[%clk 0:04:23]} Nd7 {[%clk 0:08:07]} 19. e3 {[%clk 0:04:11]} Ndc5
{[%clk 0:06:49]} 20. Nf4 {[%clk 0:03:04]} Nb4 {[%clk 0:04:38]} 21. Bxg7
{[%clk 0:03:07]} Kxg7 {[%clk 0:04:46]} 22. Nd4 {[%clk 0:03:16]} Nxa2
{[%clk 0:04:29]} 23. Nxf5+ {[%clk 0:03:14]} gxf5 {[%clk 0:04:38]} 24. Rb1
{[%clk 0:03:04]} Na4 {[%clk 0:04:19]} 25. Ne2 {[%clk 0:02:56]} Rd2
{[%clk 0:03:59]} 26. Nd4 {[%clk 0:02:36]} N4c3 {[%clk 0:03:07]} 27. Ra1
{[%clk 0:02:24]} Kf6 {[%clk 0:03:05]} 28. Bh3 {[%clk 0:02:09]} Nb4
{[%clk 0:02:25]} 29. Rec1 {[%clk 0:01:07]} Ne4 {[%clk 0:01:05]} 30. Rf1
{[%clk 0:00:51]} c5 {[%clk 0:00:45]} 31. Nf3 {[%clk 0:00:16]} Rc2
{[%clk 0:00:52]} 32. Nh4 {[%clk 0:00:15]} Rxc4 {[%clk 0:00:45]} 33. Bxf5
{[%clk 0:00:15]} Nd2 {[%clk 0:00:20]} 34. Rfd1 {[%clk 0:00:24]} Nb3
{[%clk 0:00:00]} 1-0

[Event "Rapid 2018"]
[Site "Saint-Petersburg"]
[Date "2018.12.28"]
[Round "15"]
[Board "27"]
[White "Amonatov Farrukh (TJK)"]
[Black "Inarkiev Ernesto (RUS)"]
[Result "0-1"]
[LiveChessVersion "1.4.8"]
[BlackElo "2624"]
[WhiteElo "2688"]

1. e4 {[%clk 0:15:18]} c5 {[%clk 0:15:20]} 2. Nf3 {[%clk 0:15:27]} e6
{[%clk 0:15:29]} 3. d4 {[%clk 0:15:36]} cxd4 {[%clk 0:15:38]} 4. Nxd4
{[%clk 0:15:44]} Nc6 {[%clk 0:15:47]} 5. Nc3 {[%clk 0:15:52]} Qc7
{[%clk 0:15:56]} 6. Be3 {[%clk 0:16:01]} a6 {[%clk 0:16:05]} 7. Qd2
{[%clk 0:16:10]} Nf6 {[%clk 0:16:12]} 8. O-O-O {[%clk 0:16:18]} Be7
{[%clk 0:16:21]} 9. f3 {[%clk 0:16:24]} b5 {[%clk 0:16:27]} 10. g4
{[%clk 0:15:50]} Nxd4 {[%clk 0:16:36]} 11. Bxd4 {[%clk 0:15:49]} Bb7
{[%clk 0:16:41]} 12. Kb1 {[%clk 0:15:52]} O-O {[%clk 0:13:44]} 13. Bd3
{[%clk 0:15:47]} b4 {[%clk 0:12:00]} 14. Ne2 {[%clk 0:15:34]} e5 {[%clk 0:11:48]}
15. Be3 {[%clk 0:15:40]} d5 {[%clk 0:11:57]} 16. g5 {[%clk 0:15:47]} Nxe4
{[%clk 0:11:46]} 17. fxe4 {[%clk 0:15:45]} dxe4 {[%clk 0:11:55]} 18. Bc4
{[%clk 0:14:54]} Qxc4 {[%clk 0:11:44]} 19. Qd7 {[%clk 0:15:03]} Rac8
{[%clk 0:09:18]} 20. Qxb7 {[%clk 0:10:44]} Qxe2 {[%clk 0:06:32]} 21. Qxe7
{[%clk 0:10:24]} Qxe3 {[%clk 0:06:34]} 22. Qxb4 {[%clk 0:10:27]} Rb8
{[%clk 0:06:32]} 23. Qd2 {[%clk 0:10:08]} Qxd2 24. Rxd2 {[%clk 0:10:16]} f5
{[%clk 0:05:27]} 25. gxf6 {[%clk 0:10:23]} gxf6 {[%clk 0:05:36]} 26. c4
{[%clk 0:09:51]} Rbd8 {[%clk 0:04:40]} 27. Re2 {[%clk 0:09:16]} f5
{[%clk 0:04:49]} 28. c5 {[%clk 0:09:26]} Kf7 {[%clk 0:04:50]} 29. c6
{[%clk 0:09:26]} Rd6 {[%clk 0:03:49]} 30. Rc1 {[%clk 0:09:33]} Rc8
{[%clk 0:03:58]} 31. c7 {[%clk 0:09:41]} Rd7 {[%clk 0:04:03]} 32. Rec2
{[%clk 0:09:50]} e3 {[%clk 0:04:07]} 33. b4 {[%clk 0:09:30]} f4 {[%clk 0:04:11]}
34. a4 {[%clk 0:09:39]} f3 {[%clk 0:02:51]} 35. b5 {[%clk 0:08:56]} axb5
{[%clk 0:02:58]} 36. axb5 {[%clk 0:09:05]} e2 {[%clk 0:01:46]} 37. b6
{[%clk 0:09:14]} Rd6 {[%clk 0:01:55]} 38. b7 {[%clk 0:06:18]} Rb6+
{[%clk 0:02:04]} 39. Rb2 Rxb7 40. Rxb7 {[%clk 0:06:37]} f2 {[%clk 0:02:16]} 41.
Rb8 {[%clk 0:06:46]} Rxc7 {[%clk 0:01:27]} 42. Rxc7+ {[%clk 0:06:54]} Ke6
{[%clk 0:01:37]} 43. Rb6+ {[%clk 0:01:09]} Kd5 {[%clk 0:01:46]} 44. Rd7+
{[%clk 0:01:11]} Kc5 {[%clk 0:01:39]} 45. Rdd6 {[%clk 0:01:15]} e1=Q+
{[%clk 0:01:43]} 46. Kb2 {[%clk 0:01:20]} Qe2+ {[%clk 0:01:28]} 47. Kb3
{[%clk 0:01:06]} Qf3+ {[%clk 0:01:36]} 48. Ka4 {[%clk 0:01:15]} f1=Q
{[%clk 0:01:24]} 0-1